Exploring Corporate Strategy (Record no. 715)
| 000 -LEADER | |
|---|---|
| fixed length control field | 00555nam a22002057a 4500 |
| 003 - CONTROL NUMBER IDENTIFIER | |
| control field | OSt |
| 005 - DATE AND TIME OF LATEST TRANSACTION | |
| control field | 20260310115035.0 |
| 008 - FIXED-LENGTH DATA ELEMENTS--GENERAL INFORMATION | |
| fixed length control field | 250615b |||||||| |||| 00| 0 eng d |
| 020 ## - INTERNATIONAL STANDARD BOOK NUMBER | |
| International Standard Book Number | 0132963930 |
| 040 ## - CATALOGING SOURCE | |
| Transcribing agency | Outspan Global University |
| 050 ## - LIBRARY OF CONGRESS CALL NUMBER | |
| Classification number | HD30 |
| Item number | .J64 1988 |
| 100 ## - MAIN ENTRY--PERSONAL NAME | |
| Dates associated with a name | Johnson Gerry |
| Relator term | Author |
| 245 ## - TITLE STATEMENT | |
| Title | Exploring Corporate Strategy |
| Statement of responsibility, etc. | by Gerry Johnson |
| 250 ## - EDITION STATEMENT | |
| Edition statement | 2nd ed |
| 260 ## - PUBLICATION, DISTRIBUTION, ETC. | |
| Place of publication, distribution, etc. | Great Britain: |
| Name of publisher, distributor, etc. | University Press, Cambridge, |
| Date of publication, distribution, etc. | c1988. |
| 300 ## - PHYSICAL DESCRIPTION | |
| Extent | 331p |
| 650 ## - SUBJECT ADDED ENTRY--TOPICAL TERM | |
| Topical term or geographic name entry element | Corporate |
| 700 ## - ADDED ENTRY--PERSONAL NAME | |
| Personal name | Kevan Scholes |
| Relator term | Author |
| 942 ## - ADDED ENTRY ELEMENTS (KOHA) | |
| Source of classification or shelving scheme | Library of Congress Classification |
| Koha item type | Books |
| Suppress in OPAC | No |
| Withdrawn status | Lost status | Source of classification or shelving scheme | Damaged status | Not for loan | Home library | Current library | Shelving location | Date acquired | Total checkouts | Full call number | Barcode | Date last seen | Price effective from | Koha item type |
|---|---|---|---|---|---|---|---|---|---|---|---|---|---|---|
| Library of Congress Classification | Main Campus | 3rd Floor Main Library | General stacks | 06/15/2025 | HD30.J64 1988 | 102941 | 06/15/2025 | 06/15/2025 | Books |
